A documentary history of the United States. (Record no. 2530)

MARC details
000 -LEADER
fixed length control field 00782cam a2200289I 4500
001 - CONTROL NUMBER
control field 27488
003 - CONTROL NUMBER IDENTIFIER
control field GBCCL
005 - DATE AND TIME OF LATEST TRANSACTION
control field 20241126110431.0
008 - FIXED-LENGTH DATA ELEMENTS--GENERAL INFORMATION
fixed length control field 761209s1956 xx 000 0 eng
010 ## -
-- 57023994
035 ## - SYSTEM CONTROL NUMBER
System control number (OCoLC)02609221
040 ## - CATALOGING SOURCE
Original cataloging agency DLC
Transcribing agency TXR
Modifying agency UIU
049 ## -
-- LBBK
050 ## -
-- E173
-- .H5 1956
082 ## - DEWEY DECIMAL CLASSIFICATION NUMBER
Classification number 973
Item number HEF
092 ## - LOCALLY ASSIGNED DEWEY CALL NUMBER (OCLC)
Classification number 973
Item number H461
100 1# - MAIN ENTRY--PERSONAL NAME
Personal name Heffner, Richard D.
Relator term ed.
9 (RLIN) 5275
245 12 - TITLE STATEMENT
Title A documentary history of the United States.
250 ## - EDITION STATEMENT
Edition statement Expanded ed.
260 ## - PUBLICATION, DISTRIBUTION, ETC.
Place of publication, distribution, etc. [New York]
Name of publisher, distributor, etc. New American Library
Date of publication, distribution, etc. [1956]
300 ## - PHYSICAL DESCRIPTION
Extent 303 p.
Dimensions 19 cm.
490 0# - SERIES STATEMENT
Series statement The American heritage.
500 ## - GENERAL NOTE
General note A mentor book, MD78.
504 ## - BIBLIOGRAPHY, ETC. NOTE
Bibliography, etc. note Includes bibliography.
651 #0 - SUBJECT ADDED ENTRY--GEOGRAPHIC NAME
Geographic name United States
General subdivision History
-- Sources.
9 (RLIN) 5276
942 ## - ADDED ENTRY ELEMENTS (KOHA)
Source of classification or shelving scheme Dewey Decimal Classification
Koha item type Books
Holdings
Withdrawn status Lost status Source of classification or shelving scheme Damaged status Not for loan Home library Current Library Shelving location Date acquired Total checkouts Full call number Barcode Date last seen Copy number Price effective from Koha item type
    Dewey Decimal Classification     GRACE BIBLE COLLEGE GRACE BIBLE COLLEGE General Studies 2017-08-23   973 HEF 007988 2025-05-01 c.1 2017-08-23 Books
© Grace Bible College Library 2025